| 000 | 00677nam a2200229 a 4500 | ||
|---|---|---|---|
| 001 | BRCA_6891 | ||
| 005 | 20190320205629.0 | ||
| 008 | 111111s1942----mx-#######---#000-0#spa-# | ||
| 041 | _aspa | ||
| 044 | _amx | ||
| 050 | 4 |
_aB2430 B68 _b.H32 1942 |
|
| 245 | 1 | 0 |
_aHacia un mañana mejor _b(una filosofía práctica de la vida) _cpor Adrian Bourcart ; prefacio Lin Yutang ; traducido del francés por Juan Vicens |
| 260 |
_aMéxico _bSeneca _c1942 |
||
| 300 |
_a276 p. _c19 cm. |
||
| 500 | _aO91 | ||
| 600 | 1 | 4 |
_aBourcart, Adrian _917166 |
| 650 | 1 | 4 |
_aFilósofos _916058 |
| 700 | 1 |
_aYutang, Lin _917167 |
|
| 700 | 1 |
_aVicens, Juan _etr. _917168 |
|
| 902 | _aGFM | ||
| 942 |
_2lcc _cB |
||
| 999 |
_c6573 _d6573 |
||